000 00968nam a2200229Ia 4500
001 L235-9464
003 IT-CnALBA
008 170116s9999||||xx |||||||||||||| ||und||
040 _aIT-CnALBA
_cIT-CnALBA
041 _aITALIANO
100 _aGUALANDI ARMANDO, SSP.
245 0 _aSANTA RITA DA CASCIA.
250 _a5a ed.
260 _aCINISELLO BALSAMO (MI)
_bEDIZIONI PAOLINE
_c1953 [1° Ed.: n.d.]
300 _a162 p.
500 _aROCCA PORENA UMBRIA. INCONTRO CON GESÙ. SPOSA MADRE. MORTE ATROCE DELLO SPOSO. DONNA SAGGIA. A ROMA PER IL GIUBILEO DEL 1425. NEL MONASTERO. SANTA.
501 _aSocietà San Paolo EM - Piazza San Paolo, 14 - 12051 ALBA (CN) (non commercial uses only) ® Copyright 2017
520 _aROCCA PORENA UMBRIA. INCONTRO CON GESÙ. SPOSA MADRE. MORTE ATROCE DELLO SPOSO. DONNA SAGGIA. A ROMA PER IL GIUBILEO DEL 1425. NEL MONASTERO. SANTA.
650 _aMARIA SS. ANGELI SANTI DEMONI
942 _cBK
957 _71
999 _a10440
_bNO
_g Copie: 1
_c268640
_d268640